United Nations handbook 2021-22 / (Record no. 15533)

MARC details
000 -BAŞLIK
Sabit Uzunlukta Kontrol Alanı 00598nam a22001937a 4500
999 ## - SİSTEM KONTROL NUMARALARI (KOHA)
Koha Biblionumber 15533
Koha Biblioitemnumber 15533
003 - KONTROL NUMARASI IDENTIFIER
Denetim Alanı MIRAKIL
005 - SON İŞLEM TARİHİ VE ZAMANI
Denetim Alanı 20240301114026.0
008 - SABİT-BOY VERİ ELEMANLARI - GENEL BİLGİLER
Sabit Uzunlukta Kontrol Alanı 240301b tu ||||| |||| 00| 0 tur d
020 ## - ULUSLARARASI STANDART KİTAP NUMARASI
Uluslararası Standart Kitap Numarası 9770110195002
040 ## - KATALOGLAMA KAYNAK
Orijinal Kataloglama Ajansı TR-AnCHP
Metne Dönüştürmek Ajansı TR-AnCHP
041 ## - DİL KODU
Metin / Ses Parça Veya Ayrı Başlığın Dil Kodu eng
082 ## - DEWEY ONLU SINIFLANDIRMA NUMARASI
Sınıflandırma Numarası 197.7
Ürün Numarası U55 2021
090 ## - SINIFLAMA NUMARASI
Sınıflama Numarası 197.7 U55 2021
245 10 - BAŞLIK TABLOSU
Başlık United Nations handbook 2021-22 /
Sorumluluk Tablosu, Vb ed. Vanessa Manhire.
260 ## - YAYIN, DAĞITIM, VB
Yayın, Dağıtım, Vb Yeri New Zealand :
Yayın, Dağıtım, Vb Tarihi 2021.
650 #0 - KONU KATMA GİRİŞ - TOPİKAL DÖNEM
9 (RLIN) 7638
Topikal Süreli Veya Coğrafi Ad Giriş Elemanı Birleşmiş Milletler (BM)
Genel Alt Bölümü El kitabı
856 ## - ELEKTRONİK YER VE ERİŞİM
Kamu Notu Dijital Nüshası için Partimizin Kütüphane Sorumlusu ile iletişime geçiniz.
942 ## - EKLENDİ GİRİŞ ELEMANLARI (KOHA)
Sınıflandırma Veya Raf Düzeni Kaynak Dewey Decimal Classification
Koha Öğesi Türü Books
Holdings
Kalıcı Konum Mevcut Konum Edinme Tarihi Toplam Check-Out'Lar Tam Çağrı Numarası Barkod Tarih Son Görülme İtibaren Geçerli Fiyatlar Koha Öğesi Türü
CHP Kütüphanesi CHP Kütüphanesi 03/01/2024   197.7 U55 2021 21408 03/01/2024 03/01/2024 Books